|
|
|
|
| LEADER |
00000nam0a2200000 4500 |
| 001 |
370411 |
| 005 |
20231102012258.0 |
| 035 |
|
|
|a (RuTPU)RU\TPU\retro\27820
|
| 090 |
|
|
|a 370411
|
| 100 |
|
|
|a 20220628d1978 km y0rusy50 ca
|
| 101 |
0 |
|
|a rus
|
| 102 |
|
|
|a GE
|
| 105 |
|
|
|a a z 001zy
|
| 200 |
1 |
|
|a Кристаллохимия поверхности глинистых минералов
|f О. М. Мдивнишвили
|g Кавказский институт минерального сырья
|
| 210 |
|
|
|a Тбилиси
|c Изд-во КИМС
|d 1978
|
| 215 |
|
|
|a 212 с.
|c ил.
|
| 320 |
|
|
|a Библиогр.: с. 174-207
|
| 606 |
1 |
|
|a Глины
|x Физико-химические свойства
|2 stltpush
|3 (RuTPU)RU\TPU\subj\7359
|
| 610 |
1 |
|
|a кристаллохимия
|
| 610 |
1 |
|
|a минералы
|
| 610 |
1 |
|
|a поверхности
|
| 610 |
1 |
|
|a физиогномические особенности
|
| 610 |
1 |
|
|a рентгеновский анализ
|
| 610 |
1 |
|
|a спектральный анализ
|
| 610 |
1 |
|
|a изоморфизм
|
| 610 |
1 |
|
|a активные центры
|
| 610 |
1 |
|
|a дисперсность
|
| 610 |
1 |
|
|a реакционная способность
|
| 610 |
1 |
|
|a каталитические свойства
|
| 675 |
|
|
|a 552.52
|v 4
|
| 700 |
|
1 |
|a Мдивнишвили
|b О. М.
|g Отар Михайлович
|
| 712 |
0 |
2 |
|a Кавказский институт минерального сырья
|c (Тбилиси)
|2 stltpush
|3 (RuTPU)RU\TPU\col\20995
|9 27860
|
| 801 |
|
1 |
|a RU
|b 63413507
|c 20220628
|
| 942 |
|
|
|c BK
|